| 000 | 01047cam a2200181ua 4500 | ||
|---|---|---|---|
| 020 | _c14.00 | ||
| 041 |
_aeng _h |
||
| 082 |
_a532.57 _bIND/GL |
||
| 110 | 1 |
_aIndian standards institution . _bISI _c() |
|
| 245 |
_aGlossary of terms and symbols used in connection with the measurement of liquid flow with a free surface / _cIndian standards institution. _hTextual Documents |
||
| 250 |
_a1 / _b. |
||
| 260 |
_aNew Delhi : _bIndian standards institution , _c1975. |
||
| 300 | _a40 ; . | ||
| 365 | _a14.00 | ||
| 504 | _a | ||
| 942 | _cBK | ||
| 999 |
_c10978 _d10978 |
||